آ پ کی شخصیت ا و ر ا سکا ا ر تقا (Record no. 147058)

MARC details
000 -LEADER
fixed length control field 00893nam a22002177a 4500
005 - DATE AND TIME OF LATEST TRANSACTION
control field 20171129113319.0
010 ## - LCCN (DPL NO)
LC control number UR-9866
020 6# - INTERNATIONAL STANDARD BOOK NUMBER
Terms of availability 50.00
035 ## - SYSTEM CONTROL NUMBER
System control number U-8421
037 ## - SOURCE OF ACQUISITION
Source of stock number/acquisition DBAD/PUB
082 ## - DEWEY DECIMAL CLASSIFICATION NUMBER
Classification number 920
100 ## - MAIN ENTRY--PERSONAL NAME
Personal name ملک عطا محمد
245 ## - TITLE STATEMENT
Title آ پ کی شخصیت ا و ر ا سکا ا ر تقا
Statement of responsibility, etc ملک عطا محمد
246 ## - VARYING FORM OF TITLE
Remainder of title
Title proper/short title Aap ki Shakhsiyat Aur Uska Irtaqa
250 ## - EDITION STATEMENT
Edition statement by Malik Ata Mohd.
260 ## - PUBLICATION, DISTRIBUTION, ETC. (IMPRINT)
Place of publication, distribution, etc نئی د لی
Name of publisher, distributor, etc Merkazi Maktaba Islami Publishers
Date of publication, distribution, etc 2010
270 ## - ADDRESS
Address D307,Dawat Nagar,Abul Fazal Enclave,Jamia Nagar ,
City New Delhi
Postal code 110025
Telephone number 01126971652
Fax number -
300 ## - PHYSICAL DESCRIPTION
Extent 118ص
Dimensions 22 Cm.(B.b)
500 ## - GENERAL NOTE
General note دو حصہ
942 ## - ADDED ENTRY ELEMENTS (KOHA)
Source of classification or shelving scheme Dewey Decimal Classification
Item type Urdu Bks
Classification part 920
Call number suffix م ل ک
Edition
Holdings
Withdrawn status Lost status Not for loan Collection code Home library Current library Date acquired Source of acquisition Cost, normal purchase price Full call number Barcode Copy number Cost, replacement price Koha item type
    Not For Loan Non-fiction D.B.Act.Division D.B.Act.Division 01/11/2017 DBAD/PUB. 50.00 920 م ل ک U-8421 1 50.00 Urdu Bks

© Delhi Public Library
Hit Counter
free hit counter